| 000 | 00691nam a2200145Ia 4500 | ||
|---|---|---|---|
| 008 | 171212s9999 xx 000 0 und d | ||
| 020 | _a9781921666209 | ||
| 100 | _aBriscoe, Gordon | ||
| 245 |
_cBriscoe, Gordon _aRacial Folly _bA Twentieth-Centrury Aboriginal Family |
||
| 260 |
_bANU E Press _c2010 |
||
| 440 | _aAboriginal History Monographs | ||
| 650 | _aBriscoe, Gordon, 1938-; Aboriginal Australian intellectuals -- Australia -- Biography; Intellectuals -- Australia -- Biography; Aboriginal Australian historians -- Biography; Historians -- Australia -- Biography Political activists, Aboriginal Australian | ||
| 650 | _aHistory | ||
| 856 | _uwww.jstor.org/stable/10.2307/j.ctt24hdc1 | ||
| 999 |
_c351284 _d351284 |
||